Fußballer anhand von Nation, Position und Klub erraten - Statistiken

Allgemein
  • Dieses Quiz wurde 114 mal gespielt
  • Das Durchschnittsergebnis liegt bei 22 aus 35
Antwortstatistiken
Rückennummer Nation Position Verein Antwort % Korrekt
9 Norwegen ST Manchester City Erling Haaland
99%
10 Deutschland ZOM FC Bayern München Jamal Musiala
95%
15 Türkei RM Real Madrid Arda Güler
93%
10 Spanien RF FC Barcelona Lamine Yamal
92%
2 Marokko RV PSG Achraf Hakimi
91%
7 Portugal ST Al Nassr Cristiano Ronaldo
88%
7 England ZM Borussia Dortmund Jobe Bellingham
86%
14 Kroatien ZM AC Mailand Luka Modric
86%
1 Schweiz TW Inter Mailand Yann Sommer
86%
11 Ägypten RF FC Liverpool Mohamed Salah
84%
45 Nigeria ST Galatasaray Victor Osimhen
82%
13 Slowenien TW Atletico Madrid Jan Oblak
81%
8 Schottland ZM SSC Neapel Scott McTominay
80%
4 Ungarn IV RB Leipzig Willi Orban
80%
18 Niederlande LF FC Liverpool Cody Gakpo
74%
2 Frankreich IV FC Arsenal William Saliba
74%
12 Burkina Faso IV Bayer 04 Leverkusen Edmond Tapsoba
72%
30 Kanada ST Juventus Turin Jonathan David
69%
21 Argentinien ST AS Roma Paulo Dybala
65%
9 Ghana RF Athletic Bilbao Inaki Williams
64%
7 Australien ZM FC St. Pauli Jackson Irvine
61%
16 Senegal TW Al Ahli Edouard Mendy
59%
1 Finnland TW AS Monaco Lukas Hradecky
59%
1 Ukraine TW Benfica Lissabon Anatoliy Trubin
54%
41 Brasilien RF FC Chelsea Estevao
51%
23 Tschechien ST TSG Hoffenheim Adam Hlozek
41%
11 Neuseeland ST Nottingham Forest Chris Wood
39%
9 Georgien ST FC Villareal Georges Mikautadze
39%
20 Italien ST AC Florenz Moise Kean
34%
28 Dänemark ZM VFB Stuttgart Nikolas Nartey
33%
15 Schweden ZM Tottenham Hotspurs Lucas Bergvall
30%
22 USA RF Olympique Marseille Timothy Weah
22%
19 Albanien IV Atalanta Bergamo Berat Djimsiti
14%
19 Kamerun RF Manchester United Bryan Mbeumo
13%
38 Japan LF Celtic Glasgow Daizen Maeda
13%
Keine übereinstimmenden Quizze gefunden
Verteilung der Resultate
Anzahl Personen mit jedem Resultat
Perzentil nach korrekt beantworteten Fragen
Ihre Resultats-Entwicklung
Sie haben dieses Quiz noch nicht gespielt